000
00226 a2200097 4500
001
58102
100
_a
245
_a
Tasks in second language learning
260
_a
New york
_b
Palgrave Macmillan
_c
2008
090
_c
35611
_d
35611
942
_a
NUST-CAE
_c
M
_c
28460
999
_c
293175
_d
293175